01026pab a2200181 454500008004000000100002300040245006900063260000900132300001500141362001200156520047000168650002500638773004400663908000600707909001000713999001700723952010400740180718b2009 xxu||||| |||| 00| 0 eng d aGuha Roy, Jaytilak aThe right to information: Some emerging issues of public concern c2009 ap.406-412. aJul-Sep aAn ingrained mindset of denial of information is coming to surface time and again jeopardizing the implementation of right to information. A spirited effort to keep file notings, records of UPSC and judiciary out of the purview of the Act have already become stumbling blocks to emergence of an information regime. The article takes a critical look at the legal aspect of tenability and rationale of exemption sought from the Right to Information Act. - Reproduced. aRight to information aIndian Journal of Public Administration aN a84929 c84929d84929 00104070aIIPAbIIPAd2018-07-19hVolume no: 55, Issue no: 3pAR85389r2018-07-19w2018-07-19yAR